LEADER 00980nam0-22003251i-450 001 990001833480403321 005 20190529131436.0 035 $a000183348 035 $aFED01000183348 035 $a(Aleph)000183348FED01 035 $a000183348 100 $a20021010d1925----km-y0itay50------ba 101 0 $aita 200 1 $a<>paludismo e l' anofelismo senza malaria nei suoi rapporti coll' agricoltura$fGiacomo Rossi. 210 $aPiacenza$c...$d1925. 215 $a7 p.$d26 cm 300 $aEstr. da: L' Italia agricola, 15 agosto 1925. 610 0 $aIgiene ambientale 610 0 $aMalaria 676 $a614.432 700 1$aRossi,$bGiacomo$0333743 801 0$aIT$bUNINA$gRICA$2UNIMARC 901 $aLG 912 $a990001833480403321 952 $a60 OP. 34/6$fFAGBC 952 $a60 MISC. A 35/18$fFAGBC 959 $aFAGBC 996 $aPaludismo e l' anofelismo senza malaria nei suoi rapporti coll' agricoltura$9412120 997 $aUNINA DB $aING01